=LDR 00000nam 2200000 4500 =001 001111 =005 20250713124504 =035 ##$$a 0010-0725000995 =007 ta =008 250713################a##########0#ind## =020 ##$$a 978-623-472-368-7 =082 ##$$a 398.209 598 =084 ##$$a 398.209 598 KUM n =100 #$$a Kumar mala =245 1#$$a Nyanyian di bawah rintik hujan /$c Mala kumar =250 ##$$a Cetakan pertama =260 ##$$a Rawamangun :$b Badan pengembangan dan pembinaan bahasa,$c 2022 =300 ##$$a 16 hlm. : $b Ilus. ; $c 22,9 cm. =650 #4$$a Cerita anak indonesia-terjemahan =650 #4$$a Literasi-bahan bacaan =700 #$$a Caudrhry manisha